Dilema Politik Selangor

Bibliographic Details
Format: Book
Published: Kuala Lumpur : Kelana Jaya , 1984
Subjects:

MARC

LEADER 00000cam a2200000 7i4500
001 0000107749
005 20140910.0
008 140910 bm
090 0 0 |a KT BOR 
245 1 0 |a Dilema Politik Selangor 
260 |a Kuala Lumpur :   |b Kelana Jaya ,   |c 1984 
300 |a 115p. ;   |c 21cm. 
650 0 0 |a Koleksi Tokoh Datuk Borhan Md.Yaman 
999 |a 0000265573   |b Buku   |c Koleksi Melaka   |e Perbadanan Perpustakaan Awam Melaka